[Event "Acropolis Open"]
[Site "Athens GRE"]
[Date "2006.08.15"]
[Round "3"]
[White "Kotanjian,T"]
[Black "Peralta,Fe"]
[Result "1/2-1/2"]
[WhiteElo "2515"]
[BlackElo "2546"]
[EventDate "2006.08.13"]

1. d4 d5 2. c4 c6 3. Nc3 dxc4 4. e4 b5 5. a4 b4 6. Na2 Nf6 7. e5 Nd5 8.
Bxc4 e6 9. Nf3 a5 10. O-O Be7 11. Bd2 Ba6 12. Qe2 Bxc4 13. Qxc4 Nb6 14. Qc2
Qd5 15. Nc1 N8d7 16. Nb3 c5 17. dxc5 Nxc5 18. Nxc5 Qxc5 19. Qe4 O-O 20.
Rfc1 Qd5 21. Qxd5 Nxd5 22. Nd4 Rfc8 23. Nc6 Bd8 24. Nxd8 Rxd8 25. Kf1 Rac8
26. Ke2 Kf8 27. Rxc8 Rxc8 28. Rc1 Rxc1 29. Bxc1 Ke7 30. Kd3 Kd7 31. Kd4 Kc6
32. g4 Nb6 33. b3 Nd7 34. Be3 Nc5 35. Kc4 Nd7 36. Bd4 Nb6+ 37. Bxb6 1/2-1/2

[Event "Acropolis Open"]
[Site "Athens GRE"]
[Date "2006.08.15"]
[Round "3"]
[White "Al Modiahki,M"]
[Black "Esen,B"]
[Result "1/2-1/2"]
[WhiteElo "2564"]
[BlackElo "2459"]
[EventDate "2006.08.13"]

1. e4 c5 2. Nc3 d6 3. f4 g6 4. Nf3 Bg7 5. Bc4 Nc6 6. O-O e6 7. d3 Nge7 8.
Qe1 h6 9. Bb3 a6 10. a4 Rb8 11. e5 d5 12. Qf2 b6 13. Ne2 Qc7 14. c3 c4 15.
Bc2 Na5 16. Ned4 Bd7 17. Qg3 Bf8 18. dxc4 Nxc4 19. b3 Na5 20. Ba3 Nb7 21.
Nd2 Rc8 22. Qf2 Nc6 23. Bxf8 Nxd4 24. cxd4 Kxf8 25. Bd3 b5 26. Nf3 Kg7 27.
Rfd1 Qd8 28. b4 Qe7 29. Qd2 Rc7 30. Rdb1 Rhc8 31. Qe2 Nd8 32. axb5 Bxb5 33.
Bxb5 axb5 34. Qxb5 Rb7 35. Qa6 Rc6 36. Qa5 Rcb6 37. b5 Qd7 38. Qe1 Rxb5 39.
Rxb5 Rxb5 40. Qh4 Nc6 41. Qf6+ Kg8 42. h4 Qb7 43. Kh2 Rb1 44. Ra3 Rb3 45.
Rxb3 Qxb3 46. f5 gxf5 47. Qxh6 Qd3 48. Qg5+ Kf8 49. h5 Qe4 50. h6 Qg4 51.
h7 Qxg5 52. Nxg5 Kg7 53. Nxf7 Kxh7 54. Ng5+ Kg6 55. Nxe6 Kf7 56. Ng5+ Kg6
57. Nf3 f4 58. Kh3 Kh5 59. e6 Ne7 60. Ne5 Kg5 61. Nd3 Nc6 62. Nb4 Ne7 63.
Na6 Nc6 64. Nc7 Ne7 65. Na6 Nc6 66. Nb4 Ne7 67. Nd3 Nc6 68. Ne5 Ne7 69.
Nf3+ Kh5 70. Ng1 Kg5 71. Ne2 Nc6 72. Kh2 Kf5 73. Kh3 Kg5 74. Nc3 Ne7 75.
Nb5 Nc6 76. Nc7 Ne7 77. g4 fxg3 78. Kxg3 Kf5 79. Kf3 Nc6 80. Ke3 Kf6 81.
Kd3 Ke7 82. Kc3 Kd6 83. Nxd5 1/2-1/2

[Event "Acropolis Open"]
[Site "Athens GRE"]
[Date "2006.08.15"]
[Round "3"]
[White "Sriram,J"]
[Black "Solak,D"]
[Result "0-1"]
[WhiteElo "2408"]
[BlackElo "2564"]
[EventDate "2006.08.13"]

1. d4 d5 2. c4 c6 3. Nf3 Nf6 4. Nc3 dxc4 5. a4 Bf5 6. Ne5 e6 7. f3 Bb4 8.
g4 Nd5 9. Qd2 Bg6 10. e4 Nxc3 11. bxc3 Be7 12. Rb1 Bh4+ 13. Kd1 Nd7 14.
Nxc4 Nb6 15. Ne5 O-O 16. a5 Na4 17. Rxb7 Qxa5 18. Kc2 Bg5 19. Qd3 Bxc1 20.
Kxc1 Nxc3 21. Qa6 Qd8 22. Nxc6 Qg5+ 23. Kc2 Nxe4 24. Ne7+ Qxe7 25. Rxe7
Nc5+ 26. Kd2 Nxa6 27. Bxa6 Rfd8 28. Ke3 Rd6 29. Ra1 Rad8 30. Rxa7 Rxd4 31.
Be2 h5 32. h3 Kh7 33. Ra8 Rxa8 34. Rxa8 e5 35. Rc8 h4 36. Rc4 Rxc4 37. Bxc4
Kh6 38. f4 f6 39. Bd5 Bc2 40. Bf7 g5 41. fxe5 fxe5 42. Bd5 Kg7 43. Be4 Ba4
44. Kd2 Kf6 45. Kc3 Bb5 46. Bg2 Ba6 47. Kd2 Ke6 48. Ke3 Bc4 49. Kf2 Kd6 50.
Bf3 Bd5 51. Be2 Kc5 52. Bf1 Kd4 53. Ba6 Ke4 54. Bf1 Kf4 55. Be2 e4 0-1

[Event "Acropolis Open"]
[Site "Athens GRE"]
[Date "2006.08.15"]
[Round "3"]
[White "Romanishin,O"]
[Black "Kapnisis,S"]
[Result "1/2-1/2"]
[WhiteElo "2555"]
[BlackElo "2419"]
[EventDate "2006.08.13"]

1. d4 Nf6 2. Nf3 e6 3. g3 b5 4. Bg2 d5 5. Ne5 Be7 6. Bg5 Bb7 7. a4 b4 8. a5
Nfd7 9. Bxe7 Qxe7 10. Nd3 Na6 11. c4 bxc3 12. bxc3 c5 13. c4 cxd4 14. cxd5
Bxd5 15. Bxd5 exd5 16. Ra4 O-O 17. Rxd4 Nf6 18. O-O Nc7 19. Nc3 Rfd8 20.
Nf4 Qc5 1/2-1/2

[Event "Acropolis Open"]
[Site "Athens GRE"]
[Date "2006.08.15"]
[Round "3"]
[White "Nikolaidis,I"]
[Black "Shavtvaladze,N"]
[Result "1-0"]
[WhiteElo "2538"]
[BlackElo "2383"]
[EventDate "2006.08.13"]

1. c4 c5 2. Nc3 Nc6 3. Nf3 g6 4. e3 Bg7 5. d4 cxd4 6. exd4 d6 7. d5 Ne5 8.
Nxe5 Bxe5 9. Be2 Bg7 10. O-O Nh6 11. Re1 Nf5 12. Bd3 O-O 13. Bf4 Re8 14.
Qd2 Bd7 15. Bxf5 Bxf5 16. Bh6 Bh8 17. Be3 Rc8 18. b3 a6 19. Bd4 Bxd4 20.
Qxd4 Qa5 21. Re3 b5 22. g4 Bd7 23. Rae1 bxc4 24. Rxe7 Rxe7 25. Rxe7 cxb3
26. Qf6 Rf8 27. Rxd7 bxa2 28. Nxa2 Qxa2 29. Rxd6 Qa5 30. Kg2 Qb4 31. h3 a5
32. g5 a4 33. Rd8 a3 34. d6 Qb7+ 35. Kh2 Qb2 36. Rxf8+ Kxf8 37. d7 Qb8+ 38.
f4 Qb2+ 1-0

[Event "Acropolis Open"]
[Site "Athens GRE"]
[Date "2006.08.15"]
[Round "3"]
[White "Grivas,E"]
[Black "Georgiadis,I"]
[Result "1/2-1/2"]
[WhiteElo "2496"]
[BlackElo "2312"]
[EventDate "2006.08.13"]

1. Nf3 Nf6 2. c4 e6 3. g3 d5 4. Bg2 Be7 5. O-O O-O 6. b3 c5 7. Bb2 Nc6 8.
cxd5 exd5 9. d4 Bg4 10. dxc5 Bxc5 11. Nc3 a6 12. Rc1 Ba7 13. Qd3 d4 14. Ne4
Bf5 15. Nxf6+ Qxf6 16. Qd2 Be4 17. Rfd1 Rad8 18. Qg5 Qxg5 19. Nxg5 Bxg2 20.
Kxg2 Rd5 21. Nf3 Rfd8 22. Ne1 f6 23. Nd3 Kf7 24. Rc2 Bb6 25. Bc1 R5d7 26.
h4 Re8 27. Ba3 Rd5 28. Kf1 Red8 29. Bc5 Bc7 30. Nb4 Nxb4 31. Bxb4 Bb6 32.
Rd3 Ke6 33. Rc4 R8d7 34. Ke1 g6 35. Kd2 Rf5 36. Ke1 Rfd5 37. Kd1 Rf5 38.
Be1 h5 39. f3 Rfd5 40. Bf2 f5 41. Be1 Rc7 42. Rxc7 Bxc7 43. Bf2 Bb6 44. Be1
Bc7 45. Bf2 Bb6 1/2-1/2

[Event "Acropolis Open"]
[Site "Athens GRE"]
[Date "2006.08.15"]
[Round "3"]
[White "Sandalakis,A"]
[Black "Zhu Chen"]
[Result "0-1"]
[WhiteElo "2220"]
[BlackElo "2476"]
[EventDate "2006.08.13"]

1. Nf3 d5 2. g3 c6 3. Bg2 Bg4 4. b3 Nd7 5. Bb2 Ngf6 6. O-O e6 7. c4 Bd6 8.
d4 O-O 9. Nbd2 Qb8 10. Re1 Bh5 11. Qc1 Ne4 12. Nxe4 dxe4 13. Ng5 Nf6 14.
Nxe4 Nxe4 15. Bxe4 f5 16. Bf3 Qe8 17. Qc3 Bg4 18. Bxg4 fxg4 19. Qe3 Qg6 20.
Rf1 Rf5 21. Rad1 Raf8 22. d5 exd5 23. cxd5 Re8 24. Qxa7 Rxe2 25. Bd4 Rxd5
26. Qxb7 Bf8 27. a4 Qd6 28. Qb6 Re4 29. a5 Rdxd4 30. Ra1 Rb4 31. Qa6 Rxb3
32. Rfd1 Qf6 33. Ra2 Rd4 34. Re1 Rbd3 35. Qb7 Rd1 36. Rae2 Rxe1+ 37. Rxe1
Rb4 38. Qa7 h6 39. a6 Rb5 40. Qd7 Rb2 41. Rf1 Ra2 42. a7 Qf7 43. Qxc6 Rxa7
44. Qe4 Qf3 45. Qc4+ Rf7 46. Qe6 Kh7 47. Qc4 Rf5 48. Qa2 Bc5 49. Qc2 h5 50.
Qd2 h4 51. gxh4 g3 0-1

[Event "Acropolis Open"]
[Site "Athens GRE"]
[Date "2006.08.15"]
[Round "3"]
[White "Rozentalis,E"]
[Black "Yagiz,Y"]
[Result "1-0"]
[WhiteElo "2605"]
[BlackElo "2343"]
[EventDate "2006.08.13"]

1. e4 e5 2. Nf3 Nc6 3. Bb5 a6 4. Bxc6 dxc6 5. O-O Bg4 6. h3 Bxf3 7. Qxf3
Qd7 8. d3 Ne7 9. Nd2 Ng6 10. Nc4 Bd6 11. a4 b6 12. Be3 O-O 13. Qg4 Qxg4 14.
hxg4 Rad8 15. Nxd6 Rxd6 16. a5 b5 17. Bc5 Rb8 18. Bxd6 cxd6 19. g5 Nf4 20.
b4 c5 21. Rfb1 cxb4 22. Rxb4 Rc8 23. Ra2 Ne2+ 24. Kf1 Nd4 25. Rbb2 Ne6 26.
c4 Kf8 27. cxb5 Nd4 28. g3 axb5 29. a6 Ke7 30. a7 Ra8 31. f4 f6 32. gxf6+
Kxf6 33. Ra6 Ke7 34. fxe5 dxe5 35. Rh2 b4 36. Rh5 b3 37. Rxe5+ Kf7 38. Rd5
1-0

[Event "Acropolis Open"]
[Site "Athens GRE"]
[Date "2006.08.15"]
[Round "3"]
[White "Vouldis,A"]
[Black "Hadzimanolis,A"]
[Result "1-0"]
[WhiteElo "2521"]
[BlackElo "2333"]
[EventDate "2006.08.13"]

1. e4 e5 2. Nf3 Nc6 3. Bb5 a6 4. Ba4 Nf6 5. O-O Be7 6. Re1 b5 7. Bb3 O-O 8.
h3 Bb7 9. d3 d6 10. c3 Na5 11. Bc2 c5 12. Nbd2 Re8 13. Nf1 Bf8 14. Bg5 h6
15. Bh4 Be7 16. Ne3 g6 17. a3 c4 18. d4 Nxe4 19. Bxe7 Qxe7 20. dxe5 dxe5
21. Ng4 f5 22. Ngxe5 Rad8 23. Qc1 Qg7 24. Qf4 Rd5 25. Bxe4 fxe4 26. Rxe4 g5
27. Qg4 Rdxe5 28. Rxe5 Rxe5 29. Nxe5 Qxe5 30. Rd1 Qe8 31. Qf5 Be4 32. Re1
Bxf5 33. Rxe8+ Kg7 34. Ra8 Nb3 35. Ra7+ Kf6 36. Rxa6+ Ke5 37. Rb6 Bd7 38.
Rxh6 Nc5 39. g4 Nd3 40. Rg6 Nxb2 41. Rxg5+ Ke4 42. h4 Kf4 43. Rd5 Bxg4 44.
h5 Bf5 45. h6 Bd3 46. Rxb5 Nd1 47. Rc5 Kf3 48. Rxc4 Nxf2 49. Rc7 Nh3+ 50.
Kh2 Ng5 51. a4 Kf2 52. Rc5 Nh7 53. a5 Nf6 54. Rc6 Ng4+ 55. Kh3 Kf3 56. Kh4
Kf4 57. h7 1-0

[Event "Acropolis Open"]
[Site "Athens GRE"]
[Date "2006.08.15"]
[Round "3"]
[White "Haznedaroglu,K"]
[Black "Simeonidis,I"]
[Result "1-0"]
[WhiteElo "2454"]
[BlackElo "2299"]
[EventDate "2006.08.13"]

1. e4 c6 2. d4 d5 3. Nc3 dxe4 4. Nxe4 Nd7 5. Ng5 Ngf6 6. Bd3 Nb6 7. c3 Bg4
8. Qc2 Bh5 9. N1f3 h6 10. Ne6 Qd6 11. Nxf8 Bxf3 12. gxf3 Rxf8 13. Be3 Nbd5
14. Qb3 O-O-O 15. O-O-O Kb8 16. Kb1 Rd7 17. h4 e6 18. Rhg1 Nh5 19. c4 Ndf4
20. Bc2 Rfd8 21. Qa4 Qc7 22. Qa3 b6 23. Rd2 g6 24. Rgd1 Kb7 25. Ba4 Ng7 26.
d5 exd5 27. Bxf4 Qxf4 28. cxd5 Rxd5 29. Qe7+ R8d7 30. Qxd7+ Rxd7 31. Rxd7+
Ka6 32. Bxc6 Ne6 33. R1d3 b5 34. Be4 Nc5 35. R3d6+ Ka5 36. Rxa7+ Kb4 37.
Rd4+ 1-0

[Event "Acropolis Open"]
[Site "Athens GRE"]
[Date "2006.08.15"]
[Round "3"]
[White "Kalesis,N"]
[Black "Gogolis,A"]
[Result "1-0"]
[WhiteElo "2435"]
[BlackElo "2293"]
[EventDate "2006.08.13"]

1. d4 d5 2. c4 c6 3. Nc3 Nf6 4. cxd5 cxd5 5. Bf4 Nc6 6. e3 a6 7. Bd3 Bg4 8.
Nge2 e6 9. O-O Bd6 10. Bxd6 Bxe2 11. Qxe2 Qxd6 12. Na4 O-O 13. Nc5 Rab8 14.
Rac1 a5 15. Rc3 e5 16. dxe5 Nxe5 17. Rd1 b6 18. Nb3 Rbc8 19. Qc2 Rxc3 20.
Qxc3 Nfg4 21. h3 Nxd3 22. hxg4 Ne5 23. Qd4 Rd8 24. Qf4 Nc4 25. Qd4 Ne5 26.
Nd2 g6 27. Ne4 Qe6 28. g5 Qf5 29. Nf6+ Kg7 30. f4 Nc6 1-0

[Event "Acropolis Open"]
[Site "Athens GRE"]
[Date "2006.08.15"]
[Round "3"]
[White "Pountzas,H"]
[Black "Atakisi,U"]
[Result "0-1"]
[WhiteElo "2262"]
[BlackElo "2406"]
[EventDate "2006.08.13"]

1. Nf3 Nf6 2. g3 g6 3. Bg2 Bg7 4. O-O O-O 5. c4 d5 6. cxd5 Nxd5 7. Nc3 Nb6
8. d3 Nc6 9. Be3 e5 10. Qd2 Re8 11. Rfc1 Nd4 12. Bh6 Bg4 13. Bxg7 Kxg7 14.
Ne1 e4 15. e3 Nf3+ 16. Bxf3 exf3 17. Nb5 c6 18. Qb4 h5 19. Qd4+ Kg8 20.
Qxd8 Raxd8 21. Nd4 Rd6 22. Nexf3 Bxf3 23. Nxf3 Rxd3 24. Rd1 Red8 25. Rxd3
Rxd3 26. Kf1 Rd5 27. Rc1 Kf8 28. Ke2 Ke7 29. e4 Ra5 30. a3 Nd7 31. Ke3 Rb5
32. b4 c5 33. Kd3 cxb4 34. Rb1 a5 35. axb4 axb4 36. Kc4 Rc5+ 37. Kxb4 Rc2
38. Rf1 Re2 39. Re1 Rxf2 40. Re3 Rc2 41. Kb3 Rf2 42. Kc3 Ra2 43. Kb3 Ra6
44. Kb4 Rb6+ 45. Kc4 Rb1 46. Kc3 f6 47. Kc2 Rb6 48. Kc3 Ne5 49. Nd4 Ra6 50.
Kb3 Ra3+ 51. Kxa3 Nc4+ 52. Kb4 Nxe3 53. Kc5 Nf1 54. Nf3 g5 55. Kd5 g4 56.
Nh4 Kf7 57. Ng2 Kg6 58. e5 fxe5 59. Kxe5 Nxh2 60. Nf4+ Kh6 61. Kf5 Nf1 62.
Ne2 b5 63. Kf4 b4 64. Nd4 Kg6 65. Nb3 Nxg3 66. Kxg3 Kg5 67. Nc1 h4+ 68. Kg2
Kf5 69. Nd3 b3 70. Kf2 Kg5 71. Kg2 Kf6 72. Kf2 Ke7 73. Ke3 h3 74. Kf2 h2
75. Kg2 g3 0-1

[Event "Acropolis Open"]
[Site "Athens GRE"]
[Date "2006.08.15"]
[Round "3"]
[White "Khetsuriani,B"]
[Black "Papadopoulos,I"]
[Result "1/2-1/2"]
[WhiteElo "2393"]
[BlackElo "2285"]
[EventDate "2006.08.13"]

1. Nf3 Nf6 2. g3 b6 3. Bg2 Bb7 4. O-O g6 5. b3 Bg7 6. Bb2 O-O 7. c4 c5 8.
Nc3 Nc6 9. d4 Nxd4 10. Nxd4 Bxg2 11. Kxg2 cxd4 12. Qxd4 d6 13. Nd5 Qd7 14.
e4 Ne8 15. Qd2 Bxb2 16. Qxb2 Nc7 17. Rad1 Nxd5 18. Rxd5 Qb7 19. f3 f6 20.
h4 h5 21. Kh2 Rad8 22. Qd2 Kg7 23. a4 Qc6 24. Rd1 Rd7 25. f4 e6 26. Rd4 e5
27. Rd5 exf4 28. Qxf4 Rfd8 29. g4 hxg4 30. h5 Rh8 31. Qxg4 Rh6 32. Rg1 Rf7
33. Qh4 Qd7 34. Rxg6+ Rxg6 35. hxg6 Kxg6 36. Rd3 Rg7 37. Rg3+ Kf7 38. Qh5+
Kg8 39. Qd5+ Kf8 40. Rxg7 Kxg7 41. Kg3 Kh6 42. a5 bxa5 43. Qxa5 Qb7 44.
Qd2+ Kg7 45. Qe3 a5 46. Kf4 Qb8 47. Kf3 Kf7 48. Qd3 Ke7 49. Ke2 Qb4 1/2-1/2

[Event "Acropolis Open"]
[Site "Athens GRE"]
[Date "2006.08.15"]
[Round "3"]
[White "Grigoriadis,A"]
[Black "Erdogdu,M"]
[Result "0-1"]
[WhiteElo "2214"]
[BlackElo "2386"]
[EventDate "2006.08.13"]

1. Nf3 Nf6 2. c4 g6 3. Nc3 Bg7 4. g3 O-O 5. Bg2 d6 6. d4 Nc6 7. O-O a6 8.
d5 Na5 9. Nd2 c5 10. Rb1 Bf5 11. e4 Bd7 12. b3 e5 13. Bb2 h5 14. Qe2 h4 15.
Nd1 Bh6 16. Ne3 Rb8 17. f4 h3 18. Bh1 exf4 19. Rxf4 Bxf4 20. gxf4 Nh5 21.
Qf3 Qh4 22. Rf1 Rbe8 23. Bc3 b6 24. f5 Kh7 25. fxg6+ fxg6 26. Qxf8 Qg5+ 27.
Ng2 Rxf8 28. Rxf8 Ng7 29. Rf7 hxg2 30. Rxg7+ Kh6 31. Rxd7 gxh1=Q+ 32. Kxh1
Qe3 33. Kg2 Qxc3 34. Nf3 Qf6 35. Ra7 g5 36. h3 Qf4 37. Re7 b5 38. Re6+ Kg7
39. e5 bxc4 40. Rxd6 c3 41. Rd7+ Kf8 0-1

[Event "Acropolis Open"]
[Site "Athens GRE"]
[Date "2006.08.15"]
[Round "3"]
[White "Dounis,A"]
[Black "Botsari,A"]
[Result "1/2-1/2"]
[WhiteElo "2152"]
[BlackElo "2372"]
[EventDate "2006.08.13"]

1. Nf3 Nf6 2. g3 b5 3. Bg2 Bb7 4. O-O e6 5. a4 b4 6. a5 c5 7. c3 Be7 8. d4
cxd4 9. cxb4 Bxb4 10. Qb3 Na6 11. Bd2 Bd5 12. Qa4 Rb8 13. Bf4 Nc5 14. Qd1
Rb5 15. Nxd4 Rxa5 16. Nc3 Bxg2 17. Kxg2 Nce4 18. Ndb5 O-O 19. Kg1 Bxc3 20.
Nxc3 Nxc3 21. bxc3 d5 22. Qd4 Qb6 23. Be5 Qxd4 24. Bxd4 Rxa1 25. Rxa1 Ra8
26. Rxa7 Rxa7 27. Bxa7 Ne4 28. Bd4 f6 29. f3 Nd2 30. Bc5 Kf7 31. Kf2 e5 32.
Ke3 Nc4+ 33. Kd3 Ke6 34. e4 g6 35. g4 f5 36. h3 Na5 37. Bb6 Nc4 38. Bc5 h5
39. gxh5 gxh5 40. Bb4 Nb6 41. Ba3 Nd7 42. exd5+ Kxd5 43. c4+ Ke6 44. Bb4
Nb8 45. Bf8 Nc6 46. Bc5 Nd8 47. Ba3 Nf7 48. h4 Nh8 49. Bc1 Ng6 50. Bg5 Kd6
51. Kc3 Nf8 52. Be3 Ne6 53. Kb4 Kc6 54. Kc3 Nc5 55. Bh6 Na4+ 56. Kb3 Nc5+
57. Kc3 Ne6 58. Be3 Kd6 59. Kb4 f4 60. Bf2 e4 61. fxe4 Ke5 62. c5 Kxe4 63.
Kc4 Kf3 64. Kd5 Nc7+ 65. Ke5 Kxf2 1/2-1/2

[Event "Acropolis Open"]
[Site "Athens GRE"]
[Date "2006.08.15"]
[Round "3"]
[White "Klokas,K"]
[Black "Markidis,K"]
[Result "0-1"]
[WhiteElo "2193"]
[BlackElo "2370"]
[EventDate "2006.08.13"]

1. e4 e5 2. Nf3 Nc6 3. d4 exd4 4. Nxd4 Bc5 5. Nxc6 Qf6 6. Qd2 bxc6 7. Nc3
Ne7 8. Bd3 Ng6 9. O-O Ne5 10. Be2 a5 11. Qf4 d6 12. Qxf6 gxf6 13. Be3 Bxe3
14. fxe3 Ke7 15. h3 Be6 16. Rf2 Rhg8 17. Kh2 Rg5 18. Raf1 Rag8 19. Bd3 R8g6
20. Ne2 Rh6 21. Kh1 Rhg6 22. Nd4 c5 23. Nf5+ Bxf5 24. exf5 Rg8 25. Re1 d5
26. Bf1 Rd8 27. Rf4 c6 28. Ra4 Ra8 29. g4 Rgg8 30. c3 c4 31. b3 cxb3 32.
axb3 Rgb8 33. Rb1 Nd7 34. Ra3 Nc5 35. b4 axb4 36. Rxa8 Rxa8 37. cxb4 Nd7
38. b5 Rb8 39. Rc1 cxb5 40. Bg2 b4 41. Bxd5 b3 42. Be4 b2 43. Rf1 Ne5 44.
Kg2 Nc4 45. Rf4 Nxe3+ 46. Kg3 Nd1 47. Bb1 Nc3 48. Rf1 Ra8 49. Rf2 Nxb1 50.
Rxb2 Nc3 51. h4 h6 52. Rb7+ Kf8 53. Rb4 Ra3 54. Rb8+ Kg7 55. Kf4 Ne2+ 56.
Ke4 Ra4+ 57. Ke3 Ng1 58. Kf2 Rxg4 59. Rb3 h5 60. Ra3 Kf8 61. Re3 Rxh4 62.
Kxg1 Rf4 63. Kg2 Rxf5 64. Kg3 Rg5+ 65. Kf4 Kg7 66. Re8 h4 67. Rb8 h3 68.
Rb3 Rh5 69. Rg3+ Kh6 70. Rg1 h2 71. Rh1 f5 72. Kf3 Kg5 73. Kg3 f4+ 74. Kf3
Kf5 75. Rxh2 Rg5 76. Ra2 Rg3+ 77. Kf2 Rb3 78. Ra5+ Kg4 79. Ra7 Rb2+ 80. Kf1
Kg3 81. Rxf7 Kf3 82. Ke1 Rb1+ 83. Kd2 Rf1 84. Rg7 Kf2 85. Rf7 f3 86. Kd3
Re1 87. Kd2 Re8 88. Rd7 Kf1 89. Rf7 f2 90. Rf6 Rg8 91. Rf7 Kg1 0-1

[Event "Acropolis Open"]
[Site "Athens GRE"]
[Date "2006.08.15"]
[Round "3"]
[White "Ignatiadis,K"]
[Black "Mastrovasilis,D"]
[Result "1/2-1/2"]
[WhiteElo "2248"]
[BlackElo "2567"]
[EventDate "2006.08.13"]

1. d4 d5 2. Nf3 Nf6 3. Bg5 Ne4 4. Bf4 c5 5. c3 Qb6 6. Qb3 c4 7. Qxb6 axb6
8. Nbd2 Bf5 9. Nxe4 Bxe4 10. Nd2 Bg6 11. Bxb8 Rxb8 12. g3 e6 13. Bg2 Kd7
14. O-O b5 15. a3 f6 16. e4 Bf7 17. f4 Re8 18. Rae1 Bd6 19. Re2 Rhf8 20.
exd5 exd5 21. Rfe1 Rxe2 22. Rxe2 Ra8 23. Kf2 Bxa3 24. bxa3 Rxa3 25. Nb1 Rb3
26. Bh3+ Kc6 27. Bf5 Bg6 28. Bxg6 hxg6 29. Re6+ Kc7 30. Re1 Kb6 31. Ke2
Rb2+ 32. Ke3 Rxh2 33. Re2 Rh3 34. Rg2 Ka5 35. Ra2+ Kb6 36. Kf3 Rh1 37. Rb2
Rc1 38. Ke3 Re1+ 39. Kf2 Rc1 40. Kg2 Kc6 41. Kh3 Rh1+ 42. Kg4 Rc1 43. Rb4
Rd1 44. Na3 f5+ 45. Kh4 Rh1+ 46. Kg5 Rh3 47. Kxg6 Rxg3+ 48. Kxf5 Rxc3 49.
Nxb5 Re3 50. Na7+ Kc7 51. Nb5+ Kc6 52. Na7+ Kc7 53. Nb5+ Kc6 54. Na7+
1/2-1/2

[Event "Acropolis Open"]
[Site "Athens GRE"]
[Date "2006.08.15"]
[Round "3"]
[White "Koliopoulos,K"]
[Black "Hakki,I"]
[Result "1/2-1/2"]
[WhiteElo "2204"]
[BlackElo "2447"]
[EventDate "2006.08.13"]

1. d4 Nf6 2. c4 e6 3. Nc3 Bb4 4. Qc2 O-O 5. Bg5 d5 6. cxd5 exd5 7. e3 h6 8.
Bh4 c5 9. dxc5 Nc6 10. a3 Bxc3+ 11. bxc3 g5 12. Bg3 Ne4 13. Bd3 Re8 14. Ne2
Nxc5 15. h4 Qf6 16. hxg5 hxg5 17. Rd1 Nxd3+ 18. Qxd3 Bf5 19. Qxd5 Rad8 20.
Qf3 Rxd1+ 21. Kxd1 Qe6 22. Qh5 Qb3+ 23. Ke1 Qb1+ 24. Kd2 Rd8+ 25. Nd4 Qd3+
26. Ke1 Qxc3+ 27. Kf1 Qc1+ 28. Ke2 Qb2+ 29. Ke1 Qc3+ 30. Kf1 Qa1+ 31. Ke2
Nxd4+ 32. exd4 Qb2+ 33. Ke1 Qc3+ 34. Kf1 Qa1+ 35. Ke2 Qxd4 36. Qxg5+ Bg6
37. Rh8+ Qxh8 38. Qxd8+ 1/2-1/2

[Event "Acropolis Open"]
[Site "Athens GRE"]
[Date "2006.08.15"]
[Round "3"]
[White "Logothetis,S"]
[Black "Sigalas,F"]
[Result "1/2-1/2"]
[WhiteElo "2321"]
[BlackElo "2199"]
[EventDate "2006.08.13"]

1. d4 Nf6 2. c4 e6 3. Nf3 b6 4. g3 Bb7 5. Bg2 Be7 6. Nc3 Ne4 7. Bd2 O-O 8.
d5 f5 9. Qc2 Nd6 10. b3 Bf6 11. Rd1 Na6 12. a3 Qe7 13. O-O c6 14. dxe6
1/2-1/2

[Event "Acropolis Open"]
[Site "Athens GRE"]
[Date "2006.08.15"]
[Round "3"]
[White "Tsanas,A"]
[Black "Parginos,V"]
[Result "1-0"]
[WhiteElo "2286"]
[BlackElo "2177"]
[EventDate "2006.08.13"]

1. c4 Nf6 2. g3 c6 3. Bg2 d5 4. Nf3 dxc4 5. O-O Qc7 6. Qc2 b5 7. a4 Bb7 8.
b3 cxb3 9. Qxb3 bxa4 10. Rxa4 e6 11. d4 Nbd7 12. Bf4 Qb6 13. Qc2 Nd5 14.
Bd2 a5 15. Na3 Nb4 16. Qb3 c5 17. Nc4 Qb5 18. Nfe5 Bxg2 19. Kxg2 cxd4 20.
Qf3 Qd5 21. Nxd7 Qxf3+ 22. Kxf3 Kxd7 23. Nb6+ Kc6 24. Nxa8 1-0

[Event "Acropolis Open"]
[Site "Athens GRE"]
[Date "2006.08.15"]
[Round "3"]
[White "Dagkakis,P"]
[Black "Kharlampidi,T"]
[Result "1-0"]
[WhiteElo "2267"]
[BlackElo "2181"]
[EventDate "2006.08.13"]

1. Nf3 c5 2. g3 Nc6 3. Bg2 g6 4. O-O Bg7 5. c4 Nf6 6. d4 cxd4 7. Nxd4 Qb6
8. Nb3 O-O 9. Nc3 d6 10. Bg5 Be6 11. Nd5 Bxd5 12. cxd5 Ne5 13. Be3 Qa6 14.
Bd4 Nc4 15. e4 h5 16. Qe2 Rac8 17. Rfc1 Bh6 18. f4 Bg7 19. a4 Ng4 20. Rc3
Bxd4+ 21. Nxd4 b5 22. h3 Qb6 23. Rd1 Nge3 24. a5 Qxa5 25. Rxe3 Nxe3 26.
Qxe3 Qb6 27. Qf2 Rc7 28. Nc6 Qxf2+ 29. Kxf2 e6 30. Ra1 exd5 31. exd5 Ra8
32. Ra6 Re8 33. Rxa7 Rxa7 34. Nxa7 Rb8 35. b4 Kf8 36. Bf1 Ra8 37. Nxb5 Ra2+
38. Kf3 Rb2 39. Nxd6 Rxb4 40. Nc4 Rb3+ 41. Kf2 Ke7 42. d6+ Ke6 43. Ne5 Kxd6
44. Nxf7+ Ke7 45. Ne5 Kf6 46. h4 Rb2+ 47. Kf3 Rb3+ 48. Bd3 Kg7 49. Kg2 Rb2+
50. Kh3 Kh6 51. Bxg6 Re2 52. Bd3 Rf2 53. Be4 Rb2 54. Bf3 Ra2 55. g4 hxg4+
56. Kxg4 Ra4 57. Kf5 Ra6 58. h5 Ra4 59. Nf7+ Kg7 60. Bd5 Kh7 61. h6 Kg8 62.
Ne5+ Kh7 63. Kg5 Rd4 64. Bf7 Rd1 65. Bg6+ Kg8 66. h7+ Kg7 67. Nf7 Rg1+ 68.
Kf5 Rxg6 69. h8=Q+ Kxf7 70. Qh5 1-0

[Event "Acropolis Open"]
[Site "Athens GRE"]
[Date "2006.08.15"]
[Round "3"]
[White "Valden,P"]
[Black "Delithanasis,D"]
[Result "1/2-1/2"]
[WhiteElo "2165"]
[BlackElo "2264"]
[EventDate "2006.08.13"]

1. Nf3 Nf6 2. c4 b6 3. g3 Bb7 4. Bg2 g6 5. O-O Bg7 6. Nc3 c5 7. Re1 O-O 8.
e4 Nc6 9. e5 Ne8 10. d4 Nxd4 11. Nxd4 Bxg2 12. Kxg2 cxd4 13. Qxd4 d6 14.
Bf4 Nc7 15. Qe3 Ne6 16. Rad1 Nxf4+ 17. gxf4 Qd7 18. exd6 exd6 19. Qf3 Rae8
20. b3 Re6 21. Nd5 Rfe8 22. Re3 Kh8 23. Rdd3 Qd8 24. Qg4 f5 25. Qg5 Qd7 26.
Rxe6 Rxe6 27. Re3 h6 28. Qh4 Re4 29. Rxe4 fxe4 30. Qh3 Qxh3+ 31. Kxh3 Bd4
32. Kg2 Kg7 33. Nc7 Bc5 34. Nb5 Kf6 35. Nxa7 Kf5 36. Kg3 e3 37. fxe3 Bxe3
38. Nc8 Ke6 39. Na7 Kf5 40. Nc8 Ke6 41. Na7 Kf5 42. Nc8 1/2-1/2

[Event "Acropolis Open"]
[Site "Athens GRE"]
[Date "2006.08.15"]
[Round "3"]
[White "Skaperdas,K"]
[Black "Pandavos,P"]
[Result "1-0"]
[WhiteElo "2235"]
[BlackElo "2312"]
[EventDate "2006.08.13"]

1. e4 e5 2. Nf3 d6 3. d4 Nd7 4. Bc4 Be7 5. dxe5 Nxe5 6. Nxe5 dxe5 7. Qh5 g6
8. Qxe5 Nf6 9. Bh6 Rg8 10. Bg5 Ng4 11. Qxe7+ Qxe7 12. Bxe7 Kxe7 13. Nc3 c6
14. a4 a5 15. Be2 g5 16. h4 h6 17. Bxg4 Bxg4 18. hxg5 hxg5 19. f3 Be6 20.
g3 Rh8 21. Kf2 f6 22. Rad1 Rad8 23. Rxh8 Rxh8 24. Kg2 Ra8 25. Ne2 Rh8 26.
Rd2 Bh3+ 27. Kg1 Bd7 28. Nc3 Be6 29. Nd1 Rd8 30. Rxd8 Kxd8 31. Kf2 Ke7 32.
Ke3 Kd6 33. Kd4 c5+ 34. Kd3 Bd7 35. Nc3 f5 36. Ke3 b6 37. Nb5+ Ke6 38. f4
gxf4+ 39. Kxf4 fxe4 40. Kxe4 Bc6+ 41. Kd3 Ke5 42. b3 Be4+ 43. Kd2 Bf5 44.
c4 1-0

[Event "Acropolis Open"]
[Site "Athens GRE"]
[Date "2006.08.15"]
[Round "3"]
[White "Sarandos,V"]
[Black "Fragiadakis,K"]
[Result "1-0"]
[WhiteElo "2278"]
[BlackElo "2223"]
[EventDate "2006.08.13"]

1. d4 d5 2. Nf3 Nf6 3. g3 Bf5 4. Bg2 e6 5. O-O h6 6. c4 c6 7. Nc3 Be7 8.
Qb3 Qb6 9. Qxb6 axb6 10. Ne5 O-O 11. cxd5 exd5 12. f3 Bh7 13. Bd2 b5 14. a3
Nbd7 15. Nxd7 Nxd7 16. e4 Nb6 17. Rad1 Na4 18. Nxa4 Rxa4 19. exd5 Rxd4 20.
dxc6 bxc6 21. Bc3 Rdd8 22. Bh3 Rfe8 23. Bd7 Bc5+ 24. Kh1 Bc2 25. Bxe8 Rxd1
26. Rxd1 Bxd1 27. Bxc6 Be2 28. Kg2 g5 29. b4 Bb6 30. Bf6 Bc4 31. Bd7 Be3
32. a4 bxa4 33. Bxa4 Bd5 34. Bd7 Bd2 35. b5 Kf8 36. Bc6 Bxc6 37. bxc6 Ke8
38. g4 Bf4 39. h3 Bc7 40. Kf1 Bd8 41. Be5 Bb6 42. Ke2 Ke7 43. Kd3 f6 44. c7
Kd7 45. c8=Q+ Kxc8 46. Bxf6 Kd7 47. Bg7 h5 48. gxh5 Ke6 49. Ke4 Kf7 50. Bc3
1-0

[Event "Acropolis Open"]
[Site "Athens GRE"]
[Date "2006.08.15"]
[Round "3"]
[White "Kakadelis,S"]
[Black "Stefanopoulos,O"]
[Result "0-1"]
[WhiteElo "2157"]
[BlackElo "2246"]
[EventDate "2006.08.13"]

1. c4 Nf6 2. Nf3 c5 3. b3 Nc6 4. Bb2 d5 5. cxd5 Nxd5 6. g3 f6 7. Bg2 e5 8.
O-O Be7 9. Nc3 Be6 10. e3 Nxc3 11. Bxc3 Qd3 12. Ne1 Qd7 13. f4 exf4 14.
Rxf4 O-O 15. d4 Rad8 16. Qc2 cxd4 17. exd4 Bd5 18. Nf3 g5 19. Rf5 Bxf3 20.
Bxf3 Nxd4 21. Bd5+ Qxd5 22. Rxd5 Nxc2 23. Rxd8 Rxd8 24. Rc1 0-1